000 02813nam0a2200481 4500
001 RU\NLR\bibl\856941
005 20260407140547.0
010 _a5-94798-727-9
_94000
021 _aRU
_b2005-26239
_91323
035 _a(nilc)RSL-KNO-002599709
035 _a(NLR Aleph) 000845657
090 _a1448102
_c1448102
100 _a20050512d2005 |||y0rusy50 ca
101 0 _arus
102 _aRU
105 _ay |||||||||
106 _ar
200 1 _aПравоохранительные органы
_eучеб. для студентов вузов, обучающихся по специальности 021100 "Юриспруденция"
_f[И.Ю. Белый, Е.А. Карпов, В.И. Качалов и др.]
_gпод общ. ред. Н. А. Петухова, Г. И. Загорского
_gВерхов. Суд Рос. Федерации
205 _aИзд. 4-е., перераб. и доп.
210 _aМ.
_cДашков и К°
_d2005
215 _a575 с.
_d21
225 1 _aВысшее образование
300 _aАвт. указаны на с. 3-4
320 _aБиблиогр.: с. 575 (19 назв.)
606 1 _aПравоохранительные органы
_jУчебники для высших учебных заведений
_yРоссийская Федерация
_92078894
_3RU\NLR\auth\661254761
610 0 _aГосударство и право. Юридические науки -- Система судебных органов -- Российская Федерация -- Учебник для высшей школы
610 0 _aГосударство и право. Юридические науки -- Система органов прокуратуры -- Российская Федерация -- Учебник для высшей школы
686 _aХ629.0я73-1
_2rubbk
686 _aХ629.1я73-1
_2rubbk
686 _aХ629.0я73
701 1 _4070
_7ca
_8rus
_aБелый
_bИ. Ю.
_f1969-
_gИгорь Юрьевич
_9206139
_3RU\NLR\AUTH\770206191
701 1 _4070
_7ca
_8rus
_aКарпов
_bЕ. А.
_cканд. юрид. наук
_f1954-
_gЕвгений Алексеевич
_9112932
_3RU\NLR\AUTH\772925
701 1 _4070
_7ca
_8rus
_aКачалов
_bВ. И.
_cканд. юрид. наук
_f1966-
_gВиктор Иванович
_917434
_3RU\NLR\auth\7734431
702 1 _aПетухов
_bН. А.
_gНиколай Александрович
_4340
712 0 1 _4570
_aРоссийская Федерация
_bВерховный суд
_9513229
_3RU\NLR\AUTH\8810007770
801 0 _aRU
_bRuMoRKP
_c20050512
_grcr
801 1 _aRU
_bRuMoRGB
_c20050512
801 2 _aRU
_bNLR
_c20051020
_grcr
830 _aавт. по базе
942 _cBOOK
980 _aNB